000 00681nam a2200205 i 4500
001 32569
003 ES-MaACL
005 20250724094350.0
007 t|
008 030131s1930 sp ||||1| spa d
100 1 _aBertarelli, Luigi Vittorio.
_928420
245 1 0 _aAtlas Internacional del Turing Club Italiano /
_cobra redactada... bajo la dirección de Luigi Vittorio Bertarelli, O. Marinelli y P. Corbellini.
260 _aBarcelona :
_bMontaner y Simón,
_c1930.
300 _a224 p., 170 lám. ;
_c50 cm.
650 7 _aAtlas
_2embne
_910407
700 1 _aMarinelli, O.
_976840
700 1 _aCorbellini, P.
_940458
852 _aES-MaACL
_jB-7316
999 _c32569
_d32569